[Event "Rouen op 9th"]
[Site "Rouen"]
[Date "2016.12.20"]
[Round "7"]
[White "Madon, Francis"]
[Black "Herault, Theotime"]
[Result "0-1"]
[WhiteElo "1495"]
[BlackElo "1772"]
[PlyCount "94"]
[EventDate "2016.12.17"]
[EventType "swiss"]
[EventRounds "7"]
[EventCountry "FRA"]
[SourceTitle "CBM 176 Extra"]
[Source "ChessBase"]
[SourceDate "2017.03.02"]
[SourceVersion "1"]
[SourceVersionDate "2017.03.02"]
[SourceQuality "1"]

1. e4 Nf6 2. e5 Nd5 3. c4 Nb6 4. d4 d6 5. exd6 cxd6 6. Nc3 g6 7. Bd3 Bg7 8. Nge2 Nc6 9. Be3 0-0 10. b3 e5 11. d5 Ne7 12. Rc1 f5 13. f4 e4 14. Bb1 Nd7 15. 0-0 Nf6 16. h3 b6 17. a4 h6 18. Nb5 Nh7 19. Bd4 Rf7 20. Bxg7 Rxg7 21. Rc3 g5 22. Rg3 Nf6 23. fxg5 hxg5 24. Nbd4 f4 25. Nxf4 gxf4 26. Rxg7+ Kxg7 27. Rxf4 Ng6 28. Rf2 Bd7 29. Qd2 Qe7 30. Qe3 Qe5 31. Bc2 Rh8 32. Bd1 Rh6 33. b4 Nh4 34. b5 Rg6 35. Nc6 Qa1 36. Qd4 Qc1 37. Kh2 Qg5 38. g4 Nf5 39. Qc3 e3 40. Rf3 Kh7 41. Bc2 Nxg4+ 42. hxg4 Qxg4 43. Rh3+ Rh6 44. Rxh6+ Kxh6 45. Qh8+ Kg5 46. Qg8+ Kf4 47. Bxf5 Qxg8 0-1